[Event "Calgary op 10th"]
[Site "Calgary"]
[Date "2017.08.06"]
[Round "8"]
[White "Gold, Itohan"]
[Black "Willis, Bradley"]
[Result "0-1"]
[WhiteElo "1988"]
[BlackElo "1991"]
[PlyCount "70"]
[EventDate "2017.08.02"]
[EventType "swiss"]
[EventRounds "9"]
[EventCountry "CAN"]
[SourceTitle "EXT 2018"]
[Source "ChessBase"]
[SourceDate "2017.10.13"]
[SourceVersion "1"]
[SourceVersionDate "2017.10.13"]
[SourceQuality "1"]

1. e4 e5 2. Nf3 Nc6 3. d4 exd4 4. Nxd4 Bb4+ 5. c3 Bc5 6. Be3 Bb6 7. Bc4 d6 8. Nd2 Nf6 9. f3 0-0 10. 0-0 Re8 11. Re1 Ne5 12. Bf1 d5 13. Bg5 Nc6 14. Bxf6 Qxf6 15. exd5 Bxd4+ 16. cxd4 Qxd4+ 17. Kh1 Ne5 18. Nc4 Qf4 19. g3 Qf6 20. f4 Bg4 21. fxe5 Bxd1 22. exf6 Rxe1 23. Kg1 Rae8 24. d6 cxd6 25. Nxd6 Bg4 26. Nxe8 Rxa1 27. Kf2 Rxa2 28. fxg7 Rxb2+ 29. Ke3 Be6 30. h4 f5 31. Kf4 Bf7 32. Nd6 Kxg7 33. Nxf5+ Kf6 34. Bh3 Rf2+ 35. Ke4 Bg6 0-1

[Event "Calgary op 10th"]
[Site "Calgary"]
[Date "2017.08.06"]
[Round "7"]
[White "Haessel, Dale R"]
[Black "Gold, Itohan"]
[Result "1-0"]
[WhiteElo "2205"]
[BlackElo "1988"]
[PlyCount "73"]
[EventDate "2017.08.02"]
[EventType "swiss"]
[EventRounds "9"]
[EventCountry "CAN"]
[SourceTitle "EXT 2018"]
[Source "ChessBase"]
[SourceDate "2017.10.13"]
[SourceVersion "1"]
[SourceVersionDate "2017.10.13"]
[SourceQuality "1"]

1. d4 d5 2. c4 dxc4 3. e4 c5 4. d5 e6 5. Bxc4 exd5 6. exd5 Nf6 7. Nc3 a6 8. a4 Bd6 9. Qe2+ Qe7 10. Bg5 Qxe2+ 11. Ngxe2 Nbd7 12. 0-0 0-0 13. Ng3 h6 14. Be3 Re8 15. Rfe1 Ne5 16. Be2 Neg4 17. Bd2 Bd7 18. h3 Bxg3 19. fxg3 Ne3 20. Rac1 Nexd5 21. Nxd5 Nxd5 22. Rxc5 Nf6 23. Bf3 Rxe1+ 24. Bxe1 Bxa4 25. Bxb7 Re8 26. Rc8 Rxc8 27. Bxc8 Bb5 28. Kf2 g6 29. Ke3 Nd5+ 30. Kd4 Ne7 31. Bb7 Nf5+ 32. Kc5 Ne3 33. b4 Bf1 34. Bd2 Nf5 35. g4 Nh4 36. g3 Ng2 37. Kb6 1-0

[Event "Calgary int qual"]
[Site "Calgary"]
[Date "2017.06.09"]
[Round "1.5"]
[White "Gold, Itohan"]
[Black "Chen, Andrew2222"]
[Result "1-0"]
[WhiteElo "2108"]
[BlackElo "1831"]
[PlyCount "42"]
[EventDate "2017.06.??"]
[EventType "swiss"]
[EventRounds "5"]
[EventCountry "CAN"]
[SourceTitle "EXT 2022"]
[Source "ChessBase"]
[SourceDate "2021.10.06"]
[SourceVersion "1"]
[SourceVersionDate "2021.10.06"]
[SourceQuality "1"]

1. e4 e5 2. Nf3 Nf6 3. Nxe5 d6 4. Nf3 Nxe4 5. d4 d5 6. Bd3 Nc6 7. 0-0 Be7 8. c4 Nb4 9. Be2 0-0 10. Nc3 Bf5 11. cxd5 Nxd5 12. Qb3 Nb6 13. Be3 c6 14. Rfd1 Be6 15. Qc2 Nf6 16. Ng5 Bc4 17. Bf3 h6 18. Nge4 Nbd5 19. Nxf6+ Bxf6 20. Ne4 Ba6 21. Nc5 Nc7 1-0

[Event "Red Deer Battle of Alberta"]
[Site "Red Deer"]
[Date "2013.09.07"]
[Round "2.12"]
[White "Gold, Itohan"]
[Black "Willis, Bradley"]
[Result "1-0"]
[WhiteElo "2032"]
[BlackElo "2029"]
[PlyCount "50"]
[EventDate "2013.09.07"]
[EventType "team-match"]
[EventRounds "2"]
[EventCountry "CAN"]
[SourceTitle "EXT 2022"]
[Source "ChessBase"]
[SourceDate "2021.10.06"]
[SourceVersion "1"]
[SourceVersionDate "2021.10.06"]
[SourceQuality "1"]

1. e4 e5 2. Nf3 Nc6 3. d4 exd4 4. Nxd4 Nf6 5. Nxc6 bxc6 6. e5 Qe7 7. Qe2 Nd5 8. c4 Ba6 9. Qe4 Nb6 10. Nd2 Qe6 11. b3 Bb4 12. f4 f5 13. Qf3 0-0 14. a3 Bc5 15. Bb2 Bb7 16. b4 Be7 17. c5 Nd5 18. Bc4 d6 19. cxd6 cxd6 20. 0-0 dxe5 21. Bxe5 Qd7 22. Qb3 Kh8 23. Rad1 a5 24. Nf3 axb4 25. axb4 Bxb4 1-0

[Event "Red Deer Battle of Alberta"]
[Site "Red Deer"]
[Date "2013.09.07"]
[Round "1.12"]
[White "Willis, Bradley"]
[Black "Gold, Itohan"]
[Result "1/2-1/2"]
[WhiteElo "2029"]
[BlackElo "2032"]
[PlyCount "47"]
[EventDate "2013.09.07"]
[EventType "team-match"]
[EventRounds "2"]
[EventCountry "CAN"]
[SourceTitle "EXT 2022"]
[Source "ChessBase"]
[SourceDate "2021.10.06"]
[SourceVersion "1"]
[SourceVersionDate "2021.10.06"]
[SourceQuality "1"]

1. e4 Nf6 2. e5 Nd5 3. d4 d6 4. Nf3 Bg4 5. Be2 e6 6. 0-0 Be7 7. c4 Nb6 8. exd6 cxd6 9. Nc3 0-0 10. b3 Nc6 11. Be3 d5 12. h3 Bxf3 13. Bxf3 dxc4 14. d5 Nxd5 15. Nxd5 exd5 16. Bxd5 cxb3 17. Qxb3 Na5 18. Qd3 b6 19. Qe4 Rc8 20. Rfd1 Qc7 21. Bf4 Qc5 22. Rac1 Qb4 23. Bxf7+ Kh8 24. Qxb4 1/2-1/2

[Event "Calgary Reserves"]
[Site "Calgary"]
[Date "2013.05.18"]
[Round "1"]
[White "Gold, Itohan"]
[Black "Milne, Arthur"]
[Result "1-0"]
[WhiteElo "2061"]
[BlackElo "1648"]
[PlyCount "62"]
[EventDate "2013.05.18"]
[EventType "swiss"]
[EventRounds "6"]
[EventCountry "CAN"]
[SourceTitle "EXT 2022"]
[Source "ChessBase"]
[SourceDate "2021.10.06"]
[SourceVersion "1"]
[SourceVersionDate "2021.10.06"]
[SourceQuality "1"]

1. e4 d5 2. exd5 Nf6 3. c4 c6 4. dxc6 Nxc6 5. d3 e5 6. Nc3 Bb4 7. a3 Bxc3+ 8. bxc3 Qa5 9. Bd2 0-0 10. Be2 Re8 11. Qb3 Nd7 12. Qb5 Qd8 13. h4 Qe7 14. h5 a6 15. Qb1 Nc5 16. h6 g6 17. Be3 f5 18. Qb6 Nd7 19. Qc7 f4 20. Bd2 e4 21. d4 f3 22. Bf1 Rf8 23. g3 Nf6 24. Qxe7 Nxe7 25. Bg5 Nf5 26. Bh3 Bd7 27. g4 e3 28. Bxf6 Ng3 29. fxg3 Rxf6 30. g5 Bxh3 31. gxf6 Bg2 1-0

[Event "Red Deer Battle of Alberta"]
[Site "Red Deer"]
[Date "2011.09.24"]
[Round "2.9"]
[White "Kalisvaart, Peter"]
[Black "Gold, Itohan"]
[Result "0-1"]
[WhiteElo "2173"]
[BlackElo "2102"]
[PlyCount "50"]
[EventDate "2011.09.24"]
[EventType "team-match"]
[EventRounds "2"]
[EventCountry "CAN"]
[SourceTitle "EXT 2022"]
[Source "ChessBase"]
[SourceDate "2021.10.06"]
[SourceVersion "1"]
[SourceVersionDate "2021.10.06"]
[SourceQuality "1"]

1. d4 Nf6 2. Bg5 Ne4 3. h4 c5 4. d5 Qa5+ 5. c3 g6 6. Nd2 Nxd2 7. Qxd2 d6 8. e4 Bg7 9. Nf3 h6 10. Bf4 Bg4 11. Be2 Nd7 12. 0-0 a6 13. Rfe1 0-0-0 14. a4 Bxf3 15. Bxf3 c4 16. Be2 Qc7 17. a5 f5 18. Ra4 Kb8 19. Rxc4 Qxa5 20. b4 Qa3 21. exf5 gxf5 22. Be3 Ne5 23. Rf4 Ng6 24. Rxf5 Bxc3 25. Qd3 Ne5 0-1

[Event "Red Deer Battle of Alberta"]
[Site "Red Deer"]
[Date "2010.08.21"]
[Round "1.9"]
[White "Willis, Bradley"]
[Black "Gold, Itohan"]
[Result "1/2-1/2"]
[WhiteElo "2130"]
[BlackElo "2087"]
[PlyCount "63"]
[EventDate "2010.08.21"]
[EventType "match"]
[EventRounds "2"]
[EventCountry "CAN"]
[SourceTitle "EXT 2022"]
[Source "ChessBase"]
[SourceDate "2021.10.06"]
[SourceVersion "1"]
[SourceVersionDate "2021.10.06"]
[SourceQuality "1"]

1. d4 d5 2. Nf3 Nf6 3. e3 e6 4. Bd3 Be7 5. b3 0-0 6. Bb2 b6 7. Nbd2 Bb7 8. Ne5 c5 9. 0-0 Nc6 10. a3 Rc8 11. f4 g6 12. Qf3 Qc7 13. Qh3 Nxe5 14. fxe5 Ne4 15. Bxe4 dxe4 16. c4 b5 17. Qg4 cxd4 18. Bxd4 bxc4 19. Rfc1 Bc5 20. Rxc4 Qb6 21. Nxe4 Bxe4 22. Bxc5 Rxc5 23. Rxc5 Qxc5 24. Qxe4 Rd8 25. Rf1 Qxa3 26. Qb7 Rf8 27. Rf3 Qc5 28. b4 Qb6 29. Qe7 a5 30. bxa5 Qxa5 31. Qg5 Rd8 32. Rxf7 1/2-1/2